Central Library OPAC University of Rajshahi

জালালউদ্দীন রুমীর মাসনবী : (Record no. 78013)

MARC details
000 -LEADER
fixed length control field 02022nam a2200301 a 4500
001 - CONTROL NUMBER
control field 78013
003 - CONTROL NUMBER IDENTIFIER
rucl marc code BD-RjUL
005 - DATE AND TIME OF LATEST TRANSACTION
control field 20211209083058.0
008 - FIXED-LENGTH DATA ELEMENTS--GENERAL INFORMATION
fixed length control field 210303s 2002bg a|||| m||| 00| 0 ben d
035 ## - SYSTEM CONTROL NUMBER
System control number (BD-RjUL)78239
040 ## - CATALOGING SOURCE
Original cataloging agency BD-RjUL
Language of cataloging ben /eng
Transcribing agency BD-RjUL
Modifying agency BD-RjUL
041 ## - LANGUAGE CODE
Language code of text/sound track or separate title ben
082 ## - DEWEY DECIMAL CLASSIFICATION NUMBER
Classification number 891.551109
Author mark and year HUJ 2002
Edition number 23
100 ## - MAIN ENTRY--PERSONAL NAME
Personal name হুদা, মো. নুরুল
9 (RLIN) 245515
245 10 - TITLE STATEMENT
Title জালালউদ্দীন রুমীর মাসনবী :
Remainder of title জীবন - দর্শন ও আধ্যাত্মবাদ /
Statement of responsibility, etc. মো. নুরুল হুদা ;
Linkage গবেষণা তত্ত্বাবধায়ক : এফ. এম. এ. এইচ. তাকী
260 ## - PUBLICATION, DISTRIBUTION, ETC. (IMPRINT)
Place of publication, distribution, etc. রাজশাহী :
Name of publisher, distributor, etc. ভাষা বিভাগ, রাজশাহী বিশ্ববিদ্যালয়,
Date of publication, distribution, etc. ২০০২
300 ## - PHYSICAL DESCRIPTION
Pagination [এগার], ২৫৯ পাতা :
Illustrations চিএ ;
Size ২৯ সেমি.
502 ## - DISSERTATION NOTE
Dissertation note থিসিস (পি-এইচ. ডি.) -- ভাষা বিভাগ, রাজশাহী বিশ্ববিদ্যালয়, ২০০২
504 ## - BIBLIOGRAPHY, ETC. NOTE
Bibliography, etc গ্রন্থ-পঞ্জি : পাতা ২৩৪ - ২৫০
600 ## - SUBJECT ADDED ENTRY--PERSONAL NAME
Personal name রুমি, জালাল উদ্দিন মুহাম্মদ,
Dates associated with a name --১২০৭ - ১২৭৩
General subdivision মাসনবী
-- সমালোচনা ও ব্যাখা
Personal name Rūmī, Jalāl ad-Dīn Muhammad,
Dates associated with a name --1207-1273
General subdivision Mas̲navī
-- Criticism and Interpretation
650 ## - SUBJECT ADDED ENTRY--TOPICAL TERM
Topical term or geographic name as entry element সুফি কবিতা, ফার্সী
General subdivision ইতিহাস ও সমালোচনা
9 (RLIN) 125069
Topical term or geographic name as entry element Sufi poetry, Persian
General subdivision History and Criticism
9 (RLIN) 245594
Topical term or geographic name as entry element ফার্সী কবিতা
General subdivision ইতিহাস ও সমালোচনা
9 (RLIN) 245602
Topical term or geographic name as entry element Persian Poetry
General subdivision History and Criticism
9 (RLIN) 245603
700 ## - ADDED ENTRY--PERSONAL NAME
Personal name তাকী. এফ. এম. এ. এইচ. গবেষণা তত্ত্বাবধায়ক
942 ## - ADDED ENTRY ELEMENTS (KOHA)
Source of classification or shelving scheme Dewey Decimal Classification
Koha item type Theses
Holdings
Lost status Source of classification or shelving scheme Damaged status Not for loan Collection code Permanent Location Current Location Shelving location Date acquired Source of acquisition Total Checkouts Full call number Date last seen Copy number Koha item type
  Dewey Decimal Classification   Not For Loan Theses Central Library, University of Rajshahi Central Library, University of Rajshahi Documentation Section 02/10/2002 Controller of Exam., R.U.   BTHE 891.551109 HUJ 2002 03/03/2021 C-1 Theses